William Blake : (Record no. 128336)
[ view plain ]
| 000 -LEADER | |
|---|---|
| fixed length control field | 00520cam a2200169 4500 |
| 008 - FIXED-LENGTH DATA ELEMENTS--GENERAL INFORMATION | |
| fixed length control field | 170303n 000 0 eng u |
| 020 ## - INTERNATIONAL STANDARD BOOK NUMBER | |
| International Standard Book Number | 9780230348080 |
| 035 ## - SYSTEM CONTROL NUMBER | |
| System control number | (Sirsi) a201496 |
| 050 ## - LIBRARY OF CONGRESS CALL NUMBER | |
| Classification number | PR 4147 MAR 2012 |
| 100 ## - MAIN ENTRY--PERSONAL NAME | |
| Personal name | Marsh, Nicholas. |
| 245 ## - TITLE STATEMENT | |
| Title | William Blake : |
| Remainder of title | the poems / |
| Statement of responsibility, etc. | Nicholas March. |
| 250 ## - EDITION STATEMENT | |
| Edition statement | 2nd ed. |
| 260 ## - PUBLICATION, DISTRIBUTION, ETC. | |
| Place of publication, distribution, etc. | Hampshire : |
| Name of publisher, distributor, etc. | Palgrave Macmillian, |
| Date of publication, distribution, etc. | 2012. |
| 300 ## - PHYSICAL DESCRIPTION | |
| Extent | xi, 253p. |
| 504 ## - BIBLIOGRAPHY, ETC. NOTE | |
| Bibliography, etc. note | Includes index. |
| 650 ## - SUBJECT ADDED ENTRY--TOPICAL TERM | |
| Topical term or geographic name entry element | Blake William, 1757-1827 - Criticism and Interpretation. |
| Withdrawn status | Lost status | Source of classification or shelving scheme | Damaged status | Not for loan | Home library | Current library | Shelving location | Total Checkouts | Full call number | Barcode | Date last seen | Copy number | Price effective from | Koha item type |
|---|---|---|---|---|---|---|---|---|---|---|---|---|---|---|
| Library of Congress Classification | Main Library | Main Library | PR 4147 MAR 2012 | 33729005530444 | 08/22/2019 | 1 | 08/22/2019 | Book |